00645nam a2200157Ia 4500008004100000082001400041100001900055245007500074260004600149365000600195630007500201730007500276942000900351999001900360952010800379100415s9999 xx 000 0 und d b9983a631 aMollison Bill aPermaculture 1 : a perennial agricultural system for human settlements aEALLINGc1978bTRANSWORLD PUBLISHERS LTD. b0 aPermaculture 1 : a perennial agricultural system for human settlements aPermaculture 1 : a perennial agricultural system for human settlements cBOOK c592915d592912 00104070aBNHSbBNHSd1996-06-27g0.00l0o631 9983pBNHS-9983r2010-04-15 00:00:00w2010-04-15yBOOK